ARRUPE JESUIT UNIVERSITY

CORONAVIRUS -STOP THE SPREAD - CLEAN,DISINFECT,COVER

The unschooled mind : (Record no. 122012)

MARC details
000 -LEADER
fixed length control field 00978pam a2200265 a 4500
001 - CONTROL NUMBER
control field 601027
003 - CONTROL NUMBER IDENTIFIER
control field ARRUPE
005 - DATE AND TIME OF LATEST TRANSACTION
control field 20150324020007.0
008 - FIXED-LENGTH DATA ELEMENTS--GENERAL INFORMATION
fixed length control field 910109s1991 nyu b 001 0 eng
010 ## - LIBRARY OF CONGRESS CONTROL NUMBER
LC control number 91070058
020 ## - INTERNATIONAL STANDARD BOOK NUMBER
International Standard Book Number 0465088953 :
Terms of availability $23.00 ($31.00 Can.)
040 ## - CATALOGING SOURCE
Original cataloging agency DLC
Transcribing agency DLC
Modifying agency DLC
050 00 - LIBRARY OF CONGRESS CALL NUMBER
Classification number LB1062
Item number .G36 1991
082 00 - DEWEY DECIMAL CLASSIFICATION NUMBER
Classification number 370.15/2
Edition number 20
300 ## - PHYSICAL DESCRIPTION
Dimensions 25 cm.
100 1# - MAIN ENTRY--PERSONAL NAME
Personal name Gardner, Howard,
Dates associated with a name 1943-
9 (RLIN) 13028
245 14 - TITLE STATEMENT
Title The unschooled mind :
Remainder of title how children think and how schools should teach /
Statement of responsibility, etc Howard Gardner.
260 ## - PUBLICATION, DISTRIBUTION, ETC. (IMPRINT)
Place of publication, distribution, etc New York :
Name of publisher, distributor, etc BasicBooks,
Date of publication, distribution, etc c1991.
300 ## - PHYSICAL DESCRIPTION
Extent xii, 303 p. ;
504 ## - BIBLIOGRAPHY, ETC. NOTE
Bibliography, etc Includes bibliographical references (p. 265-291) and indexes.
650 #0 - SUBJECT ADDED ENTRY--TOPICAL TERM
Topical term or geographic name as entry element Cognitive learning.
9 (RLIN) 15011
650 #0 - SUBJECT ADDED ENTRY--TOPICAL TERM
Topical term or geographic name as entry element Education
General subdivision Aims and objectives.
9 (RLIN) 15012
906 ## - LOCAL DATA ELEMENT F, LDF (RLIN)
a 7
b cbc
c orignew
d 2
e opcn
f 19
g y-gencatlg
942 ## - ADDED ENTRY ELEMENTS (KOHA)
Source of classification or shelving scheme Library of Congress Classification
Koha item type Monograph ( Printed materials)
Koha issues (borrowed), all copies 1
Holdings
Withdrawn status Lost status Source of classification or shelving scheme Damaged status Not for loan Home library Current library Date acquired Total Checkouts Full call number Barcode Date last seen Date checked out Price effective from Koha item type
    Library of Congress Classification     ARRUPE COLLEGE BOOKSTORE ARRUPE COLLEGE BOOKSTORE 09/01/2019 1 LB1062 .G36 1991 46600002385 22/05/2020 23/03/2020 09/01/2019 Monograph ( Printed materials)

 

Arrupe Library. PO Box MP320 Mt Pleasant, Harare, Zimbabwe
263 242 745411|librarian@aju.ac.zw